|
|
|
|
| LEADER |
01527nam a2200313 a 4500 |
| 001 |
1147096 |
| 008 |
100112s1996 ctua b 001 0 eng d |
| 010 |
|
|
|a 95083865
|
| 020 |
|
|
|a 069731295X
|
| 040 |
|
|
|a DLC
|c DLC
|d BD-DhAAL
|
| 082 |
0 |
0 |
|a 306/.0973
|2 20
|
| 245 |
0 |
0 |
|a Taking sides.
|p Clashing views on controversial social issues /
|c edited, selected, and with introductions by Kurt Finsterbusch and George McKenna.
|
| 246 |
3 |
0 |
|a Clashing views on controversial social issues
|
| 250 |
|
|
|a 9th ed.
|
| 260 |
|
|
|a Guilford, Conn. :
|b Dushkin Pub. Group/Brown & Benchmark,
|c c1996.
|
| 300 |
|
|
|a xx, 392 p. :
|b ill. ;
|c 24 cm.
|
| 504 |
|
|
|a Includes bibliographical references and index.
|
| 541 |
1 |
|
|e 00010834
|
| 651 |
|
0 |
|a United States
|x Social conditions
|y 1980-
|
| 651 |
|
0 |
|a United States
|x Social policy
|y 1993-
|
| 650 |
|
0 |
|a Social conflict
|z United States.
|
| 650 |
|
0 |
|a Social problems.
|
| 700 |
1 |
|
|a Finsterbusch, Kurt,
|d 1935-
|
| 700 |
1 |
|
|a McKenna, George.
|
| 852 |
4 |
|
|a Ayesha Abed Library
|j General Shelf.
|
| 999 |
|
|
|c 6953
|d 6953
|
| 952 |
|
|
|0 0
|1 0
|2 ddc
|4 0
|6 306_097300000000000_TAK_1996
|7 0
|9 7188
|a BRACUL
|b BRACUL
|c GEN
|d 2010-01-13
|l 0
|o 306.0973 TAK
|p 3010010834
|r 2010-01-13
|t 1
|w 2010-01-13
|y BK
|
| 952 |
|
|
|0 0
|1 0
|2 ddc
|4 0
|6 306_097300000000000_TAK_1996
|7 0
|9 7189
|a BRACUL
|b BRACUL
|c GEN
|d 2010-01-13
|l 0
|o 306.0973 TAK
|p 3010010848
|r 2010-01-13
|t 2
|w 2010-01-13
|y BK
|
| 952 |
|
|
|0 0
|1 0
|2 ddc
|4 0
|6 306_097300000000000_TAK
|7 0
|9 52739
|a SCL
|b SCL
|c GEN
|d 2015-02-21
|e Gift: The Asia Foundation
|l 0
|o 306.0973 TAK
|p 3020005360
|r 2015-02-21
|t 3
|w 2015-02-21
|y BK
|